[Event "HUN-chT2 Breyer 1213"]
[Site "Hungary"]
[Date "2013.03.24"]
[Round "9.7"]
[White "Nagy, Mihaly"]
[Black "Mervo, Jozsef"]
[Result "1/2-1/2"]
[WhiteElo "2175"]
[BlackElo "2038"]
[PlyCount "131"]
[EventDate "2012.09.16"]
[EventType "team-tourn"]
[EventRounds "11"]
[EventCountry "HUN"]
[SourceTitle "EXT 2014"]
[Source "ChessBase"]
[SourceDate "2013.11.20"]
[SourceVersion "1"]
[SourceVersionDate "2013.11.20"]
[SourceQuality "1"]
[WhiteTeam "Husi"]
[BlackTeam "Biatorbagy"]
[WhiteTeamCountry "HUN"]
[BlackTeamCountry "HUN"]

1. e4 c5 2. c3 g6 3. d4 cxd4 4. cxd4 d5 5. e5 Nc6 6. Nc3 Bg7 7. Bg5 f6 8. exf6 exf6 9. Bf4 a6 10. Qa4 Nge7 11. Nf3 Bf5 12. Rc1 g5 13. Be3 0-0 14. Be2 Bg6 15. 0-0 Qd6 16. Rfe1 Rfe8 17. Qb3 b5 18. a3 Rad8 19. Na2 Na5 20. Qb4 Nc4 21. Bxc4 dxc4 22. Qc5 Nd5 23. Bd2 Bf8 24. Qxd6 Bxd6 25. Nb4 Nxb4 26. axb4 Be4 27. Ra1 Bb7 28. Ra3 Rxe1+ 29. Nxe1 Re8 30. Re3 Kf7 31. Rxe8 Kxe8 32. f3 h5 33. g3 Kf7 34. Kf2 Kg6 35. Nc2 f5 36. f4 g4 37. Ne3 Be4 38. Bc3 Kf6 39. Bd2 Ke6 40. Bc3 Be7 41. Bd2 Bf8 42. Bc3 Bd5 43. Ke1 Be7 44. Kf2 h4 45. Bd2 h3 46. Nc2 Bd8 47. Bc3 Bb6 48. Ne3 Be4 49. Ke2 Bd3+ 50. Kf2 Be4 51. Ke2 Bd5 52. Nc2 Bc7 53. Kf2 Bd6 54. Bd2 Bc7 55. Bc3 Bb6 56. Ne3 Be4 57. Ke2 Bc7 58. Kf2 Bb8 59. Bd2 Ba7 60. Bc3 Bb6 61. Ke2 Bc7 62. Kf2 Bd6 63. Bd2 Bd5 64. Nc2 Bf3 65. Ne3 Be7 66. Be1 1/2-1/2

[Event "HUN-chT2 Breyer 1213"]
[Site "Hungary"]
[Date "2012.09.16"]
[Round "1.7"]
[White "Sopow, Tamas"]
[Black "Nagy, Mihaly"]
[Result "0-1"]
[WhiteElo "1834"]
[BlackElo "2175"]
[PlyCount "92"]
[EventDate "2012.09.16"]
[EventType "team-tourn"]
[EventRounds "11"]
[EventCountry "HUN"]
[SourceTitle "EXT 2014"]
[Source "ChessBase"]
[SourceDate "2013.11.20"]
[SourceVersion "1"]
[SourceVersionDate "2013.11.20"]
[SourceQuality "1"]
[WhiteTeam "Turul"]
[BlackTeam "Husi"]
[WhiteTeamCountry "HUN"]
[BlackTeamCountry "HUN"]

1. d4 Nf6 2. Nf3 g6 3. Bf4 d6 4. e3 Bg7 5. Be2 c5 6. c3 0-0 7. h3 Bf5 8. Nbd2 Nc6 9. 0-0 Rc8 10. Re1 Re8 11. Bb5 Qb6 12. Qb3 a6 13. Bf1 Qxb3 14. axb3 e5 15. e4 Bxh3 16. Bh2 Bg4 17. dxc5 Bxf3 18. gxf3 dxc5 19. Nc4 Rcd8 20. Red1 Nh5 21. Nb6 Nf6 22. Bh3 Nb8 23. Bg3 Rxd1+ 24. Rxd1 h6 25. Kf1 Bf8 26. Bc8 Nh5 27. Bxb7 Nxg3+ 28. fxg3 Re6 29. Nd7 Re7 30. Nxc5 Rc7 31. b4 Bxc5 32. Rd8+ Kg7 33. Rxb8 Ba7 34. Re8 Rxb7 35. Rxe5 Bb8 36. Ra5 Bxg3 37. Rxa6 h5 38. Ra5 Bf4 39. Rd5 h4 40. Kg2 g5 41. b5 Ra7 42. c4 Ra2 43. Kh3 Rxb2 44. e5 Kg6 45. Kg4 Rg2+ 46. Kh3 Rg3+ 0-1

[Event "HUN-chT2 Charousek 1011"]
[Site "Hungary"]
[Date "2011.05.01"]
[Round "10"]
[White "Bubits, Bence"]
[Black "Nagy, Mihaly"]
[Result "1-0"]
[WhiteElo "2072"]
[BlackElo "2203"]
[PlyCount "39"]
[EventDate "2010.09.12"]
[EventType "team-tourn"]
[EventRounds "11"]
[EventCountry "HUN"]
[SourceTitle "EXT 2012"]
[Source "ChessBase"]
[SourceDate "2011.11.24"]
[SourceVersion "1"]
[SourceVersionDate "2011.11.24"]
[SourceQuality "1"]
[WhiteTeam "Csuti II"]
[BlackTeam "Husi"]
[WhiteTeamCountry "HUN"]
[BlackTeamCountry "HUN"]

1. d4 Nf6 2. g3 d5 3. Nf3 e6 4. Bg2 c5 5. 0-0 Bd6 6. c4 0-0 7. cxd5 exd5 8. Nc3 Be6 9. Bg5 Nbd7 10. e4 dxe4 11. Nxe4 Be7 12. Bxf6 Bxf6 13. dxc5 Bxb2 14. Rb1 Ba3 15. Neg5 Bf5 16. Rxb7 Bxc5 17. Qd5 Qa5 18. Nd4 Bg4 19. Nb3 Qa3 20. h3 1-0

[Event "HUN-chT2 Charousek 1011"]
[Site "Hungary"]
[Date "2010.11.21"]
[Round "6.3"]
[White "Nagy, Mihaly"]
[Black "Karsa, Laszlo"]
[Result "0-1"]
[WhiteElo "2203"]
[BlackElo "2332"]
[PlyCount "66"]
[EventDate "2010.09.12"]
[EventType "team-tourn"]
[EventRounds "11"]
[EventCountry "HUN"]
[SourceTitle "EXT 2012"]
[Source "ChessBase"]
[SourceDate "2011.11.24"]
[SourceVersion "1"]
[SourceVersionDate "2011.11.24"]
[SourceQuality "1"]
[WhiteTeam "Husi"]
[BlackTeam "Pannonpower"]
[WhiteTeamCountry "HUN"]
[BlackTeamCountry "HUN"]

1. e4 e5 2. Nf3 Nc6 3. Bb5 a6 4. Ba4 Nf6 5. 0-0 Nxe4 6. Re1 Nc5 7. Bxc6 dxc6 8. d4 Ne6 9. Nxe5 Be7 10. Be3 0-0 11. f4 f6 12. Nf3 g6 13. c4 Ng7 14. Nc3 b5 15. c5 Be6 16. Bf2 b4 17. Ne4 Qd7 18. Qd2 a5 19. a3 Rab8 20. axb4 axb4 21. Ra4 b3 22. Qc3 Bd5 23. Ned2 Rf7 24. Rb4 Rxb4 25. Qxb4 Qf5 26. Qc3 Ne6 27. Nxb3 Nxf4 28. Nc1 Bf8 29. Nh4 Qd7 30. Qg3 g5 31. Qe3 Qg4 32. Qg3 Qxh4 33. Qxh4 gxh4 0-1

[Event "HUN-chT2 Charousek 1011"]
[Site "Hungary"]
[Date "2010.11.07"]
[Round "5"]
[White "Nagy, Mihaly"]
[Black "Makk, Robert"]
[Result "0-1"]
[WhiteElo "2203"]
[BlackElo "2248"]
[PlyCount "60"]
[EventDate "2010.09.12"]
[EventType "team-tourn"]
[EventRounds "11"]
[EventCountry "HUN"]
[SourceTitle "EXT 2012"]
[Source "ChessBase"]
[SourceDate "2011.11.24"]
[SourceVersion "1"]
[SourceVersionDate "2011.11.24"]
[SourceQuality "1"]
[WhiteTeam "Husi"]
[BlackTeam "Haladas II"]
[WhiteTeamCountry "HUN"]
[BlackTeamCountry "HUN"]

1. e4 e5 2. Nf3 Nc6 3. Bb5 a6 4. Ba4 Nf6 5. 0-0 b5 6. Bb3 Bc5 7. Nxe5 Nxe5 8. d4 Bxd4 9. Qxd4 d6 10. f4 c5 11. Qd1 Neg4 12. Bd5 Nxd5 13. Qxd5 Ra7 14. Nc3 0-0 15. Bd2 Re7 16. Rae1 b4 17. Nd1 Rfe8 18. Qg5 h6 19. Qh4 Nf6 20. Nf2 Bb7 21. e5 dxe5 22. fxe5 Rxe5 23. Rxe5 Rxe5 24. Nd3 Re2 25. Rf2 Rxf2 26. Qxf2 Ne4 27. Qe3 Nxd2 28. Qxd2 c4 29. Qxb4 cxd3 30. cxd3 Qd5 0-1

[Event "HUN-chT2 Charousek 1011"]
[Site "Hungary"]
[Date "2010.09.26"]
[Round "2"]
[White "Nagy, Mihaly"]
[Black "Sebestyen, Balazs"]
[Result "0-1"]
[WhiteElo "2203"]
[BlackElo "2227"]
[PlyCount "76"]
[EventDate "2010.09.12"]
[EventType "team-tourn"]
[EventRounds "11"]
[EventCountry "HUN"]
[SourceTitle "EXT 2012"]
[Source "ChessBase"]
[SourceDate "2011.11.24"]
[SourceVersion "1"]
[SourceVersionDate "2011.11.24"]
[SourceQuality "1"]
[WhiteTeam "Husi"]
[BlackTeam "Decs II"]
[WhiteTeamCountry "HUN"]
[BlackTeamCountry "HUN"]

1. e4 e6 2. d4 d5 3. e5 c5 4. c3 Nc6 5. Nf3 Bd7 6. Bd3 cxd4 7. cxd4 Qb6 8. 0-0 Nxd4 9. Nxd4 Qxd4 10. Qe2 Ne7 11. Kh1 Nc6 12. f4 Bc5 13. Nc3 a6 14. a3 Ba7 15. Bd2 Qb6 16. b4 Nd4 17. Qd1 Nb5 18. f5 Nxc3 19. Bxc3 exf5 20. e6 fxe6 21. Bxg7 0-0-0 22. Be5 Rhg8 23. Rc1+ Bc6 24. Qe2 Bb8 25. a4 Qxb4 26. Bxa6 Kd7 27. Rb1 Qe4 28. Qxe4 fxe4 29. Bxb8 Rxb8 30. Rf7+ Kd6 31. Bb5 Rbf8 32. Rxh7 Rf2 33. Rg1 e3 34. Rh3 d4 35. Bxc6 bxc6 36. Rf3 Rgxg2 37. Rxf2 Rxf2 38. Re1 Kd5 0-1

[Event "HUN-chT2 Charousek 1011"]
[Site "Hungary"]
[Date "2010.09.12"]
[Round "1"]
[White "Molnar, Bela"]
[Black "Nagy, Mihaly"]
[Result "1-0"]
[WhiteElo "2330"]
[BlackElo "2203"]
[PlyCount "91"]
[EventDate "2010.09.12"]
[EventType "team-tourn"]
[EventRounds "11"]
[EventCountry "HUN"]
[SourceTitle "EXT 2012"]
[Source "ChessBase"]
[SourceDate "2011.11.24"]
[SourceVersion "1"]
[SourceVersionDate "2011.11.24"]
[SourceQuality "1"]
[WhiteTeam "Paks II"]
[BlackTeam "Husi"]
[WhiteTeamCountry "HUN"]
[BlackTeamCountry "HUN"]

1. e4 c5 2. Nf3 e6 3. c4 Nc6 4. Nc3 Nf6 5. Be2 Be7 6. 0-0 d5 7. e5 Nd7 8. cxd5 exd5 9. d4 cxd4 10. Nxd5 Ndxe5 11. Nxe7 Qxe7 12. Nxd4 Bd7 13. Be3 0-0 14. Nb5 Be6 15. Qa4 Rfd8 16. Rfd1 a6 17. Nd4 Bd5 18. Nxc6 Bxc6 19. Qa5 h6 20. h3 Ng6 21. Bf1 Qf6 22. Qb4 Nh4 23. Qf4 Nf5 24. Bc5 Rac8 25. Bb6 Re8 26. Bd3 Re5 27. Re1 Rce8 28. Rxe5 Rxe5 29. Bc7 Rd5 30. Be4 Rd4 31. Re1 Bxe4 32. Rxe4 Qc6 33. Rxd4 Nxd4 34. Qe5 Ne6 35. Ba5 Qc1+ 36. Kh2 Qf4+ 37. Qxf4 Nxf4 38. Kg3 Nd3 39. Bc3 g6 40. Bf6 Nc5 41. Kf4 Nd3+ 42. Ke4 Nc5+ 43. Kd5 Nd7 44. Bd4 Nf8 45. Be3 h5 46. Kc5 1-0

[Event "HUN-chT2 Erkel 0910"]
[Site "Hungary"]
[Date "2010.02.28"]
[Round "7.3"]
[White "Nagy, Mihaly"]
[Black "Matuska, Miklos"]
[Result "1-0"]
[WhiteElo "2173"]
[BlackElo "2132"]
[PlyCount "57"]
[EventDate "2009.11.08"]
[EventType "team-tourn"]
[EventRounds "11"]
[EventCountry "HUN"]
[SourceTitle "EXT 2011"]
[Source "ChessBase"]
[SourceDate "2010.11.26"]
[SourceVersion "1"]
[SourceVersionDate "2010.11.26"]
[SourceQuality "1"]
[WhiteTeam "Husi"]
[BlackTeam "Foti"]
[WhiteTeamCountry "HUN"]
[BlackTeamCountry "HUN"]

1. e4 c5 2. c3 e6 3. d4 d5 4. e5 Nc6 5. Nf3 Qb6 6. Bd3 Bd7 7. 0-0 cxd4 8. cxd4 Nxd4 9. Nxd4 Qxd4 10. Qe2 Ne7 11. Kh1 Nc6 12. f4 Nb4 13. Bb5 a6 14. Bxd7+ Kxd7 15. Rd1 Qb6 16. Nc3 Qc7 17. a3 Nc6 18. Be3 b5 19. Rac1 Be7 20. Qg4 h5 21. Rxd5+ Kc8 22. Qxg7 Kb7 23. Nxb5 axb5 24. Rxb5+ Ka6 25. Rb6+ Qxb6 26. Bxb6 Kxb6 27. Qxf7 Rae8 28. Qxe6 Bc5 29. Qb3+ 1-0

[Event "HUN-chT2 Maroczy 0809"]
[Site "Hungary"]
[Date "2009.02.22"]
[Round "8"]
[White "Nagy, Mihaly"]
[Black "Banki H, Istvan"]
[Result "1/2-1/2"]
[WhiteElo "2185"]
[BlackElo "2265"]
[PlyCount "108"]
[EventDate "2008.10.26"]
[EventType "team-tourn"]
[EventRounds "11"]
[EventCountry "HUN"]
[SourceTitle "EXT 2010"]
[Source "ChessBase"]
[SourceDate "2010.11.25"]
[SourceVersion "1"]
[SourceVersionDate "2010.11.25"]
[SourceQuality "1"]
[WhiteTeam "Husi"]
[BlackTeam "Oroshaza"]
[WhiteTeamCountry "HUN"]
[BlackTeamCountry "HUN"]

1. e4 d5 2. exd5 Nf6 3. c4 c6 4. d4 cxd5 5. h3 Nc6 6. Nf3 Bf5 7. Nc3 e6 8. Ne5 Ne4 9. cxd5 Nxc3 10. bxc3 Qxd5 11. Qa4 Bd6 12. Nc4 0-0 13. Ne3 Qa5 14. Qxa5 Nxa5 15. Bd2 b6 16. Nxf5 exf5 17. Ba6 Rfe8+ 18. Kd1 Re7 19. Kc2 Rc7 20. Kd3 Rd8 21. Rhe1 Nb7 22. Re2 Be7 23. Rae1 Kf8 24. Bxb7 Rxb7 25. Re5 Bf6 26. Rxf5 b5 27. Bg5 Bxg5 28. Rxg5 a6 29. Rc5 Rb6 30. Rc7 Rg6 31. g3 Rf6 32. Re2 g5 33. Rc5 h6 34. Kd2 b4 35. d5 bxc3+ 36. Kxc3 Rf3+ 37. Kc4 Ra3 38. Kb4 Rd3 39. Kc4 Rd1 40. a3 Rd6 41. Re3 Rf6 42. f3 Rf1 43. Rc6 Rc1+ 44. Rc3 Rxc3+ 45. Kxc3 Rxf3+ 46. Kb4 a5+ 47. Kxa5 Rxa3+ 48. Kb5 Ke7 49. Rxh6 Rxg3 50. Kc5 g4 51. hxg4 Rxg4 52. d6+ Kd7 53. Rf6 Rg5+ 54. Kd4 Ra5 1/2-1/2

[Event "HUN-chT2 Maroczy 0809"]
[Site "Hungary"]
[Date "2008.11.30"]
[Round "3"]
[White "Egedi, Istvan"]
[Black "Nagy, Mihaly"]
[Result "1/2-1/2"]
[WhiteElo "2314"]
[BlackElo "2185"]
[PlyCount "75"]
[EventDate "2008.10.26"]
[EventType "team-tourn"]
[EventRounds "11"]
[EventCountry "HUN"]
[SourceTitle "EXT 2010"]
[Source "ChessBase"]
[SourceDate "2010.11.25"]
[SourceVersion "1"]
[SourceVersionDate "2010.11.25"]
[SourceQuality "1"]
[WhiteTeam "Dunaharaszti"]
[BlackTeam "Husi"]
[WhiteTeamCountry "HUN"]
[BlackTeamCountry "HUN"]

1. e4 c5 2. Nc3 Nc6 3. g3 g6 4. Bg2 Bg7 5. d3 e6 6. f4 d6 7. Nge2 Nge7 8. 0-0 0-0 9. g4 f5 10. gxf5 exf5 11. Ng3 Be6 12. exf5 Nxf5 13. Nxf5 Rxf5 14. Ne4 Rh5 15. Ng5 Qd7 16. Bf3 Rxg5+ 17. fxg5 Bd4+ 18. Kh1 Ne5 19. c3 Nxf3 20. Qxf3 Bg4 21. Qd5+ Be6 22. Qe4 Bh3 23. cxd4 Bxf1 24. Bf4 Bh3 25. Re1 d5 26. Qe5 cxd4 27. Qxd4 Rd8 28. Bd2 Qf5 29. Qf6 Rf8 30. Qxf5 Rxf5 31. Be3 Rf3 32. Kg1 a6 33. Bc5 Rxd3 34. Re8+ Kf7 35. Re7+ Kg8 36. Re8+ Kf7 37. Re7+ Kg8 38. Re8+ 1/2-1/2

[Event "HUN-chT2 Charousek 0708"]
[Site "Hungary"]
[Date "2008.03.02"]
[Round "7"]
[White "Nagy, Mihaly"]
[Black "Szollosi, Laszlo Jr"]
[Result "0-1"]
[WhiteElo "2185"]
[BlackElo "2308"]
[PlyCount "54"]
[EventDate "2007.10.14"]
[EventType "team"]
[EventRounds "11"]
[EventCountry "HUN"]
[SourceTitle "EXT 2009"]
[Source "ChessBase"]
[SourceDate "2008.11.26"]
[SourceVersion "1"]
[SourceVersionDate "2008.11.26"]
[SourceQuality "1"]
[WhiteTeam "Husi"]
[BlackTeam "Dunaharaszti"]
[WhiteTeamCountry "HUN"]
[BlackTeamCountry "HUN"]

1. e4 e6 2. d4 d5 3. e5 c5 4. c3 Nc6 5. Nf3 Nge7 6. Na3 cxd4 7. cxd4 Nf5 8. Nc2 Nb4 9. Bd2 Nxc2+ 10. Qxc2 Qb6 11. Rc1 Bd7 12. Bc3 Bb4 13. Qd2 Rc8 14. Be2 0-0 15. 0-0 Bxc3 16. bxc3 Qa5 17. g4 Ne7 18. Qg5 Rfe8 19. Qh5 Rxc3 20. Ng5 Ng6 21. Qxh7+ Kf8 22. Qh5 Rxc1 23. Nh7+ Kg8 24. Nf6+ gxf6 25. exf6 Qd2 26. g5 Nf4 27. Qh6 Nh3+ 0-1

[Event "HUN-chT2 Charousek 0708"]
[Site "Hungary"]
[Date "2007.11.25"]
[Round "3"]
[White "Nagy, Mihaly"]
[Black "Sipos, Janos"]
[Result "1-0"]
[WhiteElo "2185"]
[BlackElo "2168"]
[PlyCount "57"]
[EventDate "2007.10.14"]
[EventType "team"]
[EventRounds "11"]
[EventCountry "HUN"]
[SourceTitle "EXT 2009"]
[Source "ChessBase"]
[SourceDate "2008.11.26"]
[SourceVersion "1"]
[SourceVersionDate "2008.11.26"]
[SourceQuality "1"]
[WhiteTeam "Husi"]
[BlackTeam "Nagykanizsa II"]
[WhiteTeamCountry "HUN"]
[BlackTeamCountry "HUN"]

1. e4 e5 2. Nf3 Nc6 3. Bb5 a6 4. Ba4 Nf6 5. 0-0 b5 6. Bb3 Bb7 7. d4 Nxd4 8. Bxf7+ Kxf7 9. Nxe5+ Kg8 10. Qxd4 c5 11. Qd1 Qe8 12. Ng4 Nxg4 13. Qxg4 Qxe4 14. Qh3 Re8 15. Nc3 Qc6 16. f3 d5 17. Bf4 b4 18. Nd1 Qf6 19. Qg3 h6 20. Nf2 g5 21. Nd3 Bg7 22. Bd6 c4 23. Nc5 Ba8 24. Rae1 Kh7 25. Nxa6 Rd8 26. Be5 Qxa6 27. Bxg7 Kxg7 28. Re7+ Kg8 29. Qc7 1-0

[Event "HUN-chT2 Charousek 0708"]
[Site "Hungary"]
[Date "2007.11.11"]
[Round "2"]
[White "Takacs, Gergo"]
[Black "Nagy, Mihaly"]
[Result "1-0"]
[WhiteElo "2206"]
[BlackElo "2185"]
[PlyCount "93"]
[EventDate "2007.10.14"]
[EventType "team"]
[EventRounds "11"]
[EventCountry "HUN"]
[SourceTitle "EXT 2009"]
[Source "ChessBase"]
[SourceDate "2008.11.26"]
[SourceVersion "1"]
[SourceVersionDate "2008.11.26"]
[SourceQuality "1"]
[WhiteTeam "Haladas II"]
[BlackTeam "Husi"]
[WhiteTeamCountry "HUN"]
[BlackTeamCountry "HUN"]

1. e4 c5 2. Nf3 e6 3. d4 cxd4 4. Nxd4 Nc6 5. Nxc6 dxc6 6. Qxd8+ Kxd8 7. Bf4 f6 8. Be3 Kc7 9. Nd2 Ne7 10. 0-0-0 Ng6 11. f4 Bd6 12. g3 Rd8 13. h4 b6 14. h5 Nf8 15. h6 g6 16. Nc4 Ba6 17. Nxd6 Bxf1 18. Rhxf1 Rxd6 19. Bd4 Nd7 20. c4 Rf8 21. Bc3 Rxd1+ 22. Rxd1 f5 23. Re1 Nc5 24. Be5+ Kc8 25. Bd6 Nd3+ 26. Kd2 Nxe1 27. Bxf8 Nf3+ 28. Ke3 fxe4 29. Bb4 Kd7 30. Kxe4 Nh2 31. Bc3 Ke7 32. b4 Ng4 33. Bg7 Nf2+ 34. Ke3 Ng4+ 35. Kf3 Nh2+ 36. Kg2 Ng4 37. Kf3 Nh2+ 38. Ke4 Nf1 39. g4 Nh2 40. g5 Kd7 41. Bc3 Nf1 42. Kf3 b5 43. cxb5 cxb5 44. Kf2 Nh2 45. Kg2 Ng4 46. Bd2 e5 47. Kg3 1-0

[Event "HUN-chT2 Charousek 0708"]
[Site "Hungary"]
[Date "2007.10.14"]
[Round "1"]
[White "Nagy, Mihaly"]
[Black "Csapo, Zoltan"]
[Result "0-1"]
[WhiteElo "2185"]
[BlackElo "2117"]
[PlyCount "52"]
[EventDate "2007.10.14"]
[EventType "team"]
[EventRounds "11"]
[EventCountry "HUN"]
[SourceTitle "EXT 2009"]
[Source "ChessBase"]
[SourceDate "2008.11.26"]
[SourceVersion "1"]
[SourceVersionDate "2008.11.26"]
[SourceQuality "1"]
[WhiteTeam "Husi"]
[BlackTeam "Vizugy"]
[WhiteTeamCountry "HUN"]
[BlackTeamCountry "HUN"]

1. e4 e5 2. Nf3 Nc6 3. Bb5 Nge7 4. 0-0 Ng6 5. c3 d6 6. d4 Bd7 7. Na3 Be7 8. Nc2 0-0 9. Ne3 Nxd4 10. Bxd7 Nxf3+ 11. Qxf3 Qxd7 12. Nf5 Nh4 13. Qh3 Nxf5 14. exf5 f6 15. Bd2 g6 16. g4 gxf5 17. gxf5 Kh8 18. Rae1 Rg8+ 19. Kh1 Qb5 20. Re4 Qd5 21. Qe3 Rg4 22. f3 Rxe4 23. fxe4 Qxa2 24. Rf3 d5 25. Bc1 Qc4 26. Rh3 Qf1+ 0-1

[Event "HUN-chT2 Charousek 0506"]
[Site "Hungary"]
[Date "2005.10.16"]
[Round "1"]
[White "Nagy, Mihaly"]
[Black "Bekefi, Laszlo"]
[Result "0-1"]
[WhiteElo "2178"]
[BlackElo "2284"]
[PlyCount "72"]
[EventDate "2005.10.16"]
[EventType "team"]
[EventRounds "11"]
[EventCountry "HUN"]
[SourceTitle "EXT 2009"]
[Source "ChessBase"]
[SourceDate "2008.11.26"]
[SourceVersion "1"]
[SourceVersionDate "2008.11.26"]
[SourceQuality "1"]
[WhiteTeam "Husi"]
[BlackTeam "Szentgotthard"]
[WhiteTeamCountry "HUN"]
[BlackTeamCountry "HUN"]

1. e4 Nc6 2. d4 e5 3. Nf3 exd4 4. Nxd4 Qf6 5. Nf3 Qg6 6. Qe2 Bc5 7. Nc3 Nge7 8. Nd5 Nxd5 9. exd5+ Ne7 10. Bg5 f6 11. Bf4 d6 12. 0-0-0 Kf7 13. h3 Qf5 14. Qd2 Ng6 15. Bd3 Qd7 16. g4 Qa4 17. Bxg6+ hxg6 18. Kb1 Bd7 19. Bg3 Rae8 20. Rde1 Rxe1+ 21. Qxe1 Re8 22. Qd1 Qe4 23. a3 Bb5 24. Nh4 Bc4 25. f3 Qxd5 26. Re1 Qxd1+ 27. Rxd1 Be2 28. Rd2 g5 29. Nf5 Bxf3 30. b4 Bb6 31. Bxd6 Re1+ 32. Kb2 cxd6 33. Rxd6 Rd1 34. Rxd1 Bxd1 35. Nd6+ Ke6 36. Nxb7 Bf3 0-1

[Event "HUN-chT2 Charousek 0405"]
[Site "Hungary"]
[Date "2004.10.10"]
[Round "2"]
[White "Nagy, Mihaly"]
[Black "Pinterne, Kovacs Marta"]
[Result "1/2-1/2"]
[WhiteElo "2165"]
[BlackElo "2179"]
[PlyCount "45"]
[EventDate "2004.09.26"]
[EventType "team"]
[EventRounds "11"]
[EventCountry "HUN"]
[SourceTitle "EXT 2008"]
[Source "ChessBase"]
[SourceDate "2007.11.25"]
[SourceVersion "1"]
[SourceVersionDate "2007.11.25"]
[SourceQuality "1"]
[WhiteTeam "Husi"]
[BlackTeam "Keszthely"]
[WhiteTeamCountry "HUN"]
[BlackTeamCountry "HUN"]

1. e4 g6 2. d4 Bg7 3. c4 d6 4. Nc3 Nd7 5. Be3 e5 6. d5 Nh6 7. Qd2 Ng4 8. Bg5 f6 9. Bh4 a5 10. Be2 Nc5 11. Nf3 0-0 12. 0-0 Bh6 13. Qc2 g5 14. h3 gxh4 15. hxg4 Bxg4 16. Nxh4 f5 17. Bxg4 fxg4 18. g3 Bg5 19. Nf5 Qe8 20. Qe2 Qh5 21. f3 gxf3 22. Qxf3 Qxf3 23. Rxf3 1/2-1/2

[Event "HUN-chT2 Charousek 0304"]
[Site "Hungary"]
[Date "2003.12.07"]
[Round "5"]
[White "Nagy, Mihaly"]
[Black "Gosztola, Istvan"]
[Result "1/2-1/2"]
[WhiteElo "2191"]
[BlackElo "2181"]
[PlyCount "55"]
[EventDate "2003.09.28"]
[EventType "team"]
[EventRounds "11"]
[EventCountry "HUN"]
[SourceTitle "EXT 2005"]
[Source "ChessBase"]
[SourceDate "2004.11.15"]
[SourceVersion "1"]
[SourceVersionDate "2004.11.15"]
[SourceQuality "1"]

1. e4 c5 2. c3 d5 3. exd5 Qxd5 4. d4 Nf6 5. Nf3 Bg4 6. Be2 e6 7. Be3 cxd4 8. Bxd4 Nc6 9. Qa4 Bh5 10. Nbd2 Be7 11. Bc4 Qf5 12. Ne5 0-0 13. Bd3 Qg5 14. Nxc6 bxc6 15. Qxc6 Rac8 16. Ne4 Qh4 17. Nxf6+ Bxf6 18. Bxf6 Qxf6 19. Qe4 Bg6 20. Qe3 Rb8 21. Bxg6 Qxg6 22. 0-0 Rxb2 23. Qxa7 h5 24. a4 h4 25. h3 Qe4 26. Qd4 Qxd4 27. cxd4 Ra8 28. Rfc1 1/2-1/2

[Event "HUN-chT2 Charousek 0304"]
[Site "Hungary"]
[Date "2003.09.28"]
[Round "1"]
[White "Laszlo, Zoltan"]
[Black "Nagy, Mihaly"]
[Result "1/2-1/2"]
[WhiteElo "2123"]
[BlackElo "2191"]
[PlyCount "78"]
[EventDate "2003.09.28"]
[EventType "team"]
[EventRounds "11"]
[EventCountry "HUN"]
[SourceTitle "EXT 2005"]
[Source "ChessBase"]
[SourceDate "2004.11.15"]
[SourceVersion "1"]
[SourceVersionDate "2004.11.15"]
[SourceQuality "1"]

1. c4 Nf6 2. Nc3 g6 3. g3 Bg7 4. Bg2 c5 5. Nf3 Nc6 6. 0-0 e6 7. d4 cxd4 8. Nxd4 0-0 9. Ndb5 Ne8 10. Bf4 e5 11. Be3 a6 12. Nd6 Nd4 13. Nxe8 Rxe8 14. Nd5 d6 15. Bxd4 exd4 16. Qd2 Be6 17. Rad1 Rc8 18. b3 b5 19. cxb5 axb5 20. Rc1 Rc5 21. Nb4 Qa5 22. Rcd1 Rec8 23. Nd3 Rc3 24. Ne1 Qa7 25. Be4 Bh3 26. Ng2 Qc5 27. Rfe1 Bf5 28. Bxf5 Qxf5 29. Rc1 Rc2 30. Rxc2 Rxc2 31. Qa5 Qc5 32. Nf4 Qc3 33. Qa8+ Bf8 34. Nd3 Qd2 35. Qb8 Rc3 36. Kf1 Qxa2 37. Qxb5 Rxb3 38. Qc4 Qa8 39. Kg1 Qb7 1/2-1/2

[Event "HUN-chT2 Maroczy 0203"]
[Site "Hungary"]
[Date "2003.04.13"]
[Round "11.8"]
[White "Dudas, Peter"]
[Black "Nagy, Mihaly"]
[Result "1/2-1/2"]
[WhiteElo "2167"]
[BlackElo "2170"]
[PlyCount "86"]
[EventDate "2002.09.22"]
[EventType "team"]
[EventRounds "11"]
[EventCountry "HUN"]
[SourceTitle "EXT 2004"]
[Source "ChessBase"]
[SourceDate "2003.11.25"]
[SourceVersion "1"]
[SourceVersionDate "2003.11.25"]
[SourceQuality "1"]
[WhiteTeam "Edeleny"]
[BlackTeam "Foti"]
[WhiteTeamCountry "HUN"]
[BlackTeamCountry "HUN"]

1. d4 Nf6 2. c4 g6 3. Nc3 Bg7 4. e4 d6 5. f3 0-0 6. Be3 c6 7. Qd2 Qa5 8. Bd3 Na6 9. Nge2 Bd7 10. 0-0 Rab8 11. a3 Qd8 12. b4 b5 13. cxb5 cxb5 14. d5 Rb7 15. Nd4 Qe8 16. Rac1 Nc7 17. Nb3 Na8 18. Na5 Rc7 19. a4 a6 20. axb5 axb5 21. Ne2 e6 22. dxe6 fxe6 23. Bb1 Qe7 24. e5 Rxc1 25. Rxc1 Nd5 26. Bg5 Qf7 27. exd6 Be5 28. Nb7 Nab6 29. Qd3 Nc4 30. Qe4 Bxd6 31. Nxd6 Nxd6 32. Qd4 Qg7 33. Qc5 Qe5 34. Bh6 Rc8 35. Qf2 Nxb4 36. Rxc8+ Bxc8 37. Qd4 Qxd4+ 38. Nxd4 e5 39. Nc2 Nxc2 40. Bxc2 Be6 41. Bd2 Nc4 42. Bc3 Kf7 43. Bd3 Na3 1/2-1/2

[Event "HUN-chT2 Maroczy 0203"]
[Site "Hungary"]
[Date "2003.01.19"]
[Round "5.8"]
[White "Nagy, Mihaly"]
[Black "Gara, Peter"]
[Result "1/2-1/2"]
[WhiteElo "2170"]
[BlackElo "2204"]
[PlyCount "48"]
[EventDate "2002.09.22"]
[EventType "team"]
[EventRounds "11"]
[EventCountry "HUN"]
[SourceTitle "EXT 2004"]
[Source "ChessBase"]
[SourceDate "2003.11.25"]
[SourceVersion "1"]
[SourceVersionDate "2003.11.25"]
[SourceQuality "1"]
[WhiteTeam "Foti"]
[BlackTeam "Matra"]
[WhiteTeamCountry "HUN"]
[BlackTeamCountry "HUN"]

1. e4 e6 2. d4 d5 3. e5 c5 4. c3 Ne7 5. Nf3 Nec6 6. Bd3 Nd7 7. 0-0 Qb6 8. Kh1 cxd4 9. cxd4 Nxd4 10. Nxd4 Qxd4 11. f4 Qb6 12. Nc3 Be7 13. Qe2 Nc5 14. Be3 Qa5 15. Bxc5 Bxc5 16. Rac1 a6 17. f5 Bd4 18. Qh5 exf5 19. Bxf5 Bxf5 20. Qxf5 0-0 21. Rf4 Be3 22. Rh4 h6 23. Rf1 Qd8 24. Rg4 Bg5 1/2-1/2